The new Encyclopadia of modern bodybuilding/ (Record no. 34438)
[ view plain ]
| 000 -LEADER | |
|---|---|
| fixed length control field | 00917nam a22002177a 4500 |
| 008 - FIXED-LENGTH DATA ELEMENTS--GENERAL INFORMATION | |
| fixed length control field | 100305t xxu||||| |||| 00| 0 eng d |
| 010 ## - LCCN (DPL NO) | |
| LC control number | B-375912 |
| 020 ## - INTERNATIONAL STANDARD BOOK NUMBER | |
| International Standard Book Number | 9780684843742 |
| Terms of availability | 995.00 |
| 035 ## - SYSTEM CONTROL NUMBER | |
| System control number | B-375912 |
| 037 ## - SOURCE OF ACQUISITION | |
| Stock number | UBH |
| Source of stock number/acquisition | RP/CL/E;26/104/20-02-10/20-02-10/25-02-10 |
| 040 ## - CATALOGING SOURCE | |
| Original cataloging agency | dpl |
| Language of cataloging | eng |
| 082 ## - DEWEY DECIMAL CLASSIFICATION NUMBER | |
| Classification number | 646.75 |
| 100 ## - MAIN ENTRY--PERSONAL NAME | |
| Personal name | Schwarzenegger,Arnold |
| 245 ## - TITLE STATEMENT | |
| Title | The new Encyclopadia of modern bodybuilding/ |
| Statement of responsibility, etc | Arnold Schwarzenegger with Bill Dobbins |
| 260 ## - PUBLICATION, DISTRIBUTION, ETC. (IMPRINT) | |
| Place of publication, distribution, etc | New York |
| Name of publisher, distributor, etc | Simon & Schuster Paperbacks |
| Date of publication, distribution, etc | 1998 |
| 270 ## - ADDRESS | |
| Address | Rockefeller Center 1230 Avenue Of the Americas |
| City | New York |
| Postal code | NY 10020 |
| 300 ## - PHYSICAL DESCRIPTION | |
| Extent | xxxii,800pgs |
| Dimensions | 27cm |
| 942 ## - ADDED ENTRY ELEMENTS (KOHA) | |
| Source of classification or shelving scheme | Dewey Decimal Classification |
| Item type | English Books |
| Classification part | 646.75 |
| Call number suffix | SCH |
| Withdrawn status | Lost status | Source of classification or shelving scheme | Damaged status | Not for loan | Home library | Current library | Date acquired | Source of acquisition | Total Checkouts | Full call number | Barcode | Date last seen | Cost, replacement price | Koha item type | Public note |
|---|---|---|---|---|---|---|---|---|---|---|---|---|---|---|---|
| Dewey Decimal Classification | Central Library | Central Library | 20/02/2010 | RP/CL | 646.75 SCH | B-375912 | 05/03/2010 | 995.00 | English Books | Legal Case (Register 2018) |
